000 00215 a2200109 4500
001 66265
040 _cAnchieta - Pituba
240 1 0 _aTalentos 2013
_lpor
245 1 0 _aTalentos 2013
650 4 _aMúsica
942 _cMX
999 _c66265
_d66265